LEADER 01121nam0 22002773i 450 001 SUN0124215 005 20191011101743.255 010 $d0.00 100 $a20191011d1952 |0gerc50 ba 101 $ager 102 $aDE 105 $a|||| ||||| 200 1 $a*Herbst des Mittelalters$eStudien über Lebens und Geistesformen des 14$hund 15. Jahrhunderts in Frankreich und in den Niederlanden$fJ. Huizinga$gHerausgegeben von Kurt Köster 205 $a16. Auflage 210 $aStuttgart$cKröner$d1952 215 $aVI, 384 p.$cill.$d18 cm. 410 1$1001SUN0103006$12001 $a*Kröners Taschenausgabe$1210 $aLeipzig$a[poi] Stuttgart$cKröner. 620 $dStuttgart$3SUNL001125 700 1$aHuizinga$b, Johan$3SUNV010479$0292479 702 1$aKöster$b, Kurt$3SUNV095666 712 $aKröner$3SUNV009663$4650 801 $aIT$bSOL$c20200302$gRICA 912 $aSUN0124215 950 $aUFFICIO DI BIBLIOTECA DEL DIPARTIMENTO DI GIURISPRUDENZA$d00CONS BL.900M.1804 $e00BL 942 SLP 20191011 996 $aHerbst des Mittelalters$91247862 997 $aUNICAMPANIA LEADER 02350oam 2200601M 450 001 9910715872803321 005 20191123062007.7 035 $a(CKB)5470000002515355 035 $a(OCoLC)1065565409 035 $a(OCoLC)995470000002515355 035 $a(EXLCZ)995470000002515355 100 $a20070221d1857 ua 0 101 0 $aeng 135 $aurcn||||||||| 181 $ctxt$2rdacontent 182 $cc$2rdamedia 183 $acr$2rdacarrier 200 10$aIn the Senate of the United States. February 21, 1857. -- Referred to the Committee of Claims. December 18, 1857. -- Referred to the Committee of Claims, and ordered to be printed. The Court of Claims submitted the following report ... David Myerle vs. the United States .. 210 1$a[Washington, D.C.] :$c[publisher not identified],$d1857. 215 $a1 online resource (62 pages) 225 1 $aMis. doc. / 35th Congress, 1st session. Senate ;$vno. 130 225 1 $a[United States congressional serial set ] ;$v[serial no. 935] 300 $aTitle from opening lines of text. 300 $aBatch processed record: Metadata reviewed, not verified. Some fields updated by batch processes. 300 $aFDLP item number not assigned. 606 $aBreach of contract 606 $aClaims 606 $aCordage 606 $aDefense contracts 606 $aGovernment contractors 606 $aHemp 606 $aJudicial opinions 606 $aNaval research 606 $aShips$xEquipment and supplies 608 $aLegislative materials.$2lcgft 615 0$aBreach of contract. 615 0$aClaims. 615 0$aCordage. 615 0$aDefense contracts. 615 0$aGovernment contractors. 615 0$aHemp. 615 0$aJudicial opinions. 615 0$aNaval research. 615 0$aShips$xEquipment and supplies. 712 02$aUnited States.$bCourt of Claims (1855-1982) 801 0$bWYU 801 1$bWYU 801 2$bOCLCO 801 2$bOCLCQ 906 $aBOOK 912 $a9910715872803321 996 $aIn the Senate of the United States. February 21, 1857. -- Referred to the Committee of Claims. December 18, 1857. -- Referred to the Committee of Claims, and ordered to be printed. The Court of Claims submitted the following report ... David Myerle vs. the United States .$93510256 997 $aUNINA